US/Canada Geography - Statistics

General Stats
  • This quiz has been taken 27 times
  • The average score is 7 of 15
Answer Stats
Question Answer % Correct
2) The only Great lake that is entirelywithin the US Michigan
100%
1) Massive waterfall complexon the New York-Ontario border Niagara Falls
100%
5) The largest of the Great Lakes Superior
96%
7) Largest city in British Columbia nearthe border of Washington Vancouver
85%
6) Major Quebec city north of NY Montreal
81%
3) This capital lies just 62 miles from the North Dakota border Winnipeg
74%
11) Canada borders ___ US states 13
52%
4) Detroit lies across the AmbassadorBridge from this Ontario city Windsor
48%
15) remote section of Michigan near theOntario-Superior borders Upper Peninsula
30%
9) Large remote lake on the Minnesota-Manitoba border Lake of the Woods
19%
12) Large suburban city of Vancouvernear the US border Surrey
11%
14) This large city lies 21 miles from theWashington-BC border Bellingham
7%
8) Madawaska, Maine is connected to thisNew Brunswick city Edmundston
4%
13) This Minnesota city sits across theborder from Ft Frances, Ontario International Falls
4%
10) Minnesota town on the above lake,surrounded on 3 sides by Canada Angle Inlet
0%
No matching quizzes found
Score Distribution
Percent of People with Each Score
Percentile by Number Answered
Your Score History
You have not taken this quiz